00382nam a2200157Ia 45000010006000000050017000060080041000230410008000640820018000721000041000902450040001312600009001713000028001806500008002086540008002161822620260306171615.0260306s9999||||xx |||||||||||||| ||und|| aESP a658.4013bP45 aPérez-Carballo Veiga, Juan F.eAUT 0aControl de la gestión empresarial c2009 a383 páginas :c24 cm. aGEN aCAN